• 首页
  • 本馆介绍
  • 公告通知
  • 最新文献
  • 馆藏检索
  • 电子资源
  • 读者导购
  • 参考咨询
  • 我的图书馆
  • 登录
  • 详细信息显示
  • 放入我的书架
  • 预约/预借图书
  • 作者相关作品
  • 分类相关作品
  • 丛书相关作品
  • 出版社相关作品

书目信息

  • 表格格式
  • 工作单格式
  • 卡片格式
题名:
伟大的道路
    
 
作者: 史沫特莱 著 ;梅念 译
分册:  
出版信息: 北京   三联书店  1979
页数: 539页,[8]页图版
开本: 20cm
丛书名:
单 册:
中图分类: K821 , K827.7
科图分类:
主题词: 军事家--传记--中国--现代
电子资源:
ISBN: 11002.520
000 01713nam0 2200541 450
001 CAL 012000103159
005 20120912092848.9
010    @a11002.520@dCNY1.25
091    @a11002.520@dCNY1.25
091    @a11002.504@dCNY1.50
099    @aCAL 012000103159@aCAL 012000680761@aCAL 012000527186@aCAL 0120100421728m@aCAL 0120111060006m
100    @a19971201d1979 em y0chiy0121 ea
101 1  @achi@ceng
102    @aCN@b110000
105    @aaf z 000yb
106    @ar
200 1  @a伟大的道路@9Wei Da;Dai De;Di Dao Lu @e朱德的生平和时代@f(美)史沫特莱(A.Smedley)著@g梅念译@Awei da de dao lu
210    @a北京@c三联书店@d1979
215    @a539页,[8]页图版@c照片@d20cm
510 1  @aThe great road:The life and times of CHU TEH
517 1  @a朱德的生平和时代@Azhu de de sheng ping he shi dai
600  0 @a朱德,@f1886-1976@x传记
606 0  @a军事家@x传记@y中国@z现代
690    @aK821@v2
690    @aK827.7@v3
701  1 @a史沫特莱@AShimotelai@g(Smedley, Agnes),@f1892-1950@4著@3CAL n2004339724#@7jt0yjt0y@7ec0yec0y
702  0 @a梅念@AMei Nian@4译@3CAL n2004142436#@7jt0yjt0y@7ec0yec0y
801  2 @aCN@bLZT
905    @aBZT@dK821@e15@f1@sK821/15
920    @a232030@90000124318@z1
920    @a580400@90197022617@z2
920    @a211010@bK821@c2g1@z1
920    @a262010@z1
920    @a222020@z1
920    @a244010@z1
920    @a211270@z1
920    @a242250@z1
920    @a241010@z1
920    @a261020@z2
920    @a215010@z1
920    @a242010@z1
920    @a262070@z1
920    @a232010@z1
920    @a236010@z1
920    @a223140@z1
920    @a242020@z1
920    @a211020@9u84843@b11.821-2/23@z1
920    @a237020@z1
    
    伟大的道路:朱德的生平和时代/(美)史沫特莱(A.Smedley)著/梅念译.-北京:三联书店,1979
    539页,[8]页图版:照片;20cm
    
    
    ISBN 11002.520:CNY1.25
    
●
相关链接 在五车中查询图书 在当当中查询图书 在豆瓣中查询图书


正题名:伟大的道路     索取号:K821/15         预约/预借

序号 登录号 条形码 馆藏地/架位号 状态 备注
1 2000126240   2000126240   旧书回溯/ [索取号:K821/15] 在馆    
山东省滨州职业学院图书馆 欢迎您!
大连网信软件有限公司© 版权所有